Normal view
MARC view
- Otto Langey
Entry Personal Name
001 - CONTROL NUMBER
- control field: 9272
003 - CONTROL NUMBER IDENTIFIER
- control field: OSt
005 - DATE AND TIME OF LATEST TRANSACTION
- control field: 20210319160239.0
008 - FIXED-LENGTH DATA ELEMENTS
- fixed length control field: 210319|| aca||aabn | a|a d
040 ## - CATALOGING SOURCE
- Original cataloging agency: OSt
- Transcribing agency: OSt
100 ## - HEADING--PERSONAL NAME
- Personal name: Otto Langey
670 ## - SOURCE DATA FOUND
- Source citation: Work cat.: (OSt): Otto Langey, Otto Langey : Practical Tutor

PORTAL AKMAL
E-MEL JKDM
AKMAL2U
G-BAM
u-PUSTAKA